01012nam a22002657a 45000010005000000030006000050050017000110080041000280200018000690400029000870500014001160820008001301000021001382450047001592600043002063000055002494900019003045050008003235200277003315210021006085210020006296500030006496500031006797000036007105382FISKH20241129144319.0241129b cb ||||| |||| 00| 0 eng d a9781741047745 aFISKHbengcFISKHdFISKH aDS925.S43 a915 aRobinson, Martin aSeoul : bCity Guide /cby Martin Robinson aOakland, CA :bLonely Planet ;c2009.  a208 pages : bcolor illustrations, maps ;c21 cm . a Lonely Planet aZ  aThis guide to Seoul contains details on where and how to see the best the city has to offer. It includes: accommodation and restaurant suggestions for a range of budgets; information on days trips away from the city; advice on using public transport; and a shopping guide.8 a1110 bLexile 8 aZ bRaz-Plus  atravel guidevNon-fiction aLonely PlanetvNon-fiction aZahorchak, Jason eillustrator